000 00919nam a22002897a 4500
001 BR2017002671
003 BR-BrBNA
005 20230928105153.0
007 ta
008 230509b bl.||||| |||| 00| 0 por d
040 _aBR-BrBNA
_bpor
_cBiblioteca Nacional de Agricultura
041 _a(Por)
072 _aP34; P36
090 _ P34 BR2017002671
100 1 _aTapias, N.M.L.C.
110 1 _aUniversidade Federal de Lavras, MG (Brasil)
_0Tese (Mestrado)
245 1 _aBactérias diazotróficas simbiontes de leguminosas em canga e em área de mineração de ferro revegetada com capim
260 3 _aLavras, MG (Brasil):
_c2016.
300 _a85 p.
500 _aSummaries (Eng, Por); Several bibliography; 6 illus.
650 _aBACTÉRIA
650 _aFIXAÇÃO DE NITROGÊNIO
650 _aRECUPERAÇÃO DO SOLO
650 _aREVEGETAÇÃO
909 _a202309
_bLucia
_c55
_dLucia Elande
942 _cBK
999 _c83821
_d83821